| LEADER |
00672nam0a2200193 450 |
| 001 |
16847003 |
| 010 |
|
|
|a 2-227-72214-2
|b br.
|d 23,5 F
|
| 100 |
|
|
|a 19920924d2005 u u0frey01 ba
|
| 101 |
0 |
|
|a fre
|
| 102 |
|
|
|a FR
|
| 200 |
0 |
|
|a Victor, l'enfant sauvage
|f une histoire écrite par Marie-Hélène Delval
|g ill. par Yves Beaujard
|
| 207 |
|
1 |
|a
|
| 210 |
|
|
|a Paris
|c Bayard
|d 2005
|
| 215 |
|
|
|a 47 p.
|c illustrations en couleur
|d 18 cm
|
| 700 |
|
0 |
|a Delval
|b Marie-Hélène
|f 1944-....
|4 70
|
| 701 |
|
0 |
|a Beaujard
|b Yves
|4 440
|
| 900 |
|
|
|a Roman enfant
|
| 901 |
|
|
|a Accessible au prêt
|
| 995 |
|
|
|a Bibliothèque
|c Bibliothèque
|f 00156001442854
|h 00156001442854
|k E DEL
|o p
|q j
|r az
|e Bibliothèque
|